[Event "V Ubeda Open"]
[Site "Ubeda ESP"]
[Date "2000.01.24"]
[Round "6"]
[White "Arizmendi Martinez,J"]
[Black "Khamrakulov,I"]
[Result "1-0"]
[WhiteElo "2445"]
[BlackElo "2354"]

1.e4 c5 2.Nf3 e6 3.Nc3 a6 4.d4 cxd4 5.Nxd4 Qc7 6.g3 Nc6 7.Bg2 Nf6 8.O-O Be7
9.Re1 Nxd4 10.e5 O-O 11.Qxd4 Ne8 12.Bf4 Bc5 13.Qd3 d5 14.exd6 Bxd6 15.Bxd6 Nxd6
16.b3 Nf5 17.Rad1 Rb8 18.Be4 Qa5 19.g4 Nh6 20.Qd6 Bd7 21.b4 Qa3 22.Nb1 Qh3
23.Bg2 Qh4 24.g5 Ba4 25.gxh6 Bxc2 26.Rc1 Bxb1 27.Rxb1 Qxh6 28.Rbd1 Rbc8 29.Bxb7 Rc4
30.Rd4 Rc2 31.a3 Qf6 32.Qf4 Qe7 33.Bxa6 h6 34.Bd3 Ra2 35.Qg3 Kh8 36.Bf1 Rc8
37.Red1 e5 38.Re4 f6 39.Rc4 Rxc4 40.Bxc4 Rc2 41.Bd3 Rc3 42.Qg6 e4 43.Bxe4 Kg8
44.Bd5+ Kf8 45.Qh7 Qe2 46.Qg8+ Ke7 47.Qf7+  1-0

[Event "Corus Reserve Group"]
[Site "Wijk aan Zee NED"]
[Date "2000.01.27"]
[Round "7"]
[White "Stojanovski,D"]
[Black "Georgiev,Vl"]
[Result "0-1"]
[WhiteElo "2279"]
[BlackElo "2538"]

1.e4 c5 2.Nf3 e6 3.d4 cxd4 4.Nxd4 a6 5.Nc3 b5 6.Bd3 Qb6 7.Be3 Bc5 8.Be2 Nc6
9.Nxc6 Bxe3 10.fxe3 dxc6 11.Qd4 Qxd4 12.exd4 e5 13.d5 Ne7 14.dxc6 Nxc6 15.Nd5 O-O
16.c3 Ra7 17.a4 b4 18.Nxb4 Nxb4 19.cxb4 Bd7 20.O-O Rb8 21.Bc4 Be8 22.b5 axb5
23.axb5 Rc7 24.b3 Kf8 25.Ra5 f6 26.Rfa1 Rcb7 27.Ra7 Bxb5 28.Bd5 Rd7 29.Rxd7 Bxd7
30.Ra7 Ke8 31.Kf2 g6 32.Bg8 h6 33.Bd5 Rb6 34.Ke3 Ke7 35.Rb7 Rxb7 36.Bxb7 Kd6
37.Bd5 f5 38.g3 g5 39.Bf7 f4+ 40.gxf4 gxf4+ 41.Kf3 Be6 42.Be8 Bxb3 43.Bg6 Ke7
44.h4 Kf6 45.Be8 Bg8 46.Bd7 Be6 47.Be8 Bb3 48.Bd7 Kg6 49.Kg4 Bd1+ 50.Kh3 Bf3
51.Bc6 Kf6 52.Kh2 Bd1 53.Kg2 Bb3 54.Be8 Bc2 55.Kf3 Ke7 56.Bg6 Bb3 57.Kg2 Bf7
58.Bf5 Kf6 59.Bd7 Be6 60.Be8 Bc8 61.Kf3 Bb7 62.Bd7 Ba8 63.Be8 Ke7 64.Bg6 Bc6
65.Ke2 Be8 66.Bf5 Bd7 67.Bg6 Kf6 68.Bh5 Bc6 69.Kf3 Kg7 70.Bg4 Kg6 71.Be6 Kh5  0-1

[Event "5th HIT Open"]
[Site "Nova Gorica SLO"]
[Date "2000.02.04"]
[Round "4"]
[White "Nikolic,Stank"]
[Black "Laco,G"]
[Result "1/2-1/2"]
[WhiteElo "2099"]
[BlackElo "2209"]

1.e4 c5 2.Nf3 e6 3.d4 cxd4 4.Nxd4 a6 5.Nc3 Qc7 6.Bd3 b5 7.Be3 Bb7 8.f3 Nf6
9.O-O Bc5 10.Bf2 Qb6 11.Nce2 e5 12.Nf5 g6 13.Nfg3 h5 14.h3 h4 15.Nh1 g5 16.Qd2 Rg8
17.b4 Bxf2+ 18.Nxf2 Nc6 19.Kh2 Rd8 20.Ng4 Nxg4+ 21.fxg4 Ne7 22.c4 bxc4 23.Bxc4 d5
24.exd5 Bxd5 25.Bxd5 Rxd5 26.Qb2 Qd6 27.Qb3 e4+ 28.Kh1 Qe6 29.Qb2 e3 30.Rad1 Rxd1
31.Rxd1 f6 32.a4 Kf7 33.Qc2 Rc8 34.Qh7+ Kf8 35.Qh8+ Ng8 36.Qh7 Qf7 37.Qd3 Qc4
38.Qd6+ Kf7 39.Nd4 e2 40.Re1 Re8 41.Kg1 Qc3 42.Nf3 Qe3+ 43.Kh1 Re6 44.Qd8 Ne7
45.b5 Ng6 46.Qd7+ Re7 47.Qd5+ Qe6 48.Qxe6+ Rxe6 49.Kg1 Nf4 50.Rb1 axb5 51.axb5 Rb6
52.Nd4 f5 53.gxf5 Kf6 54.Kf2 e1=Q+ 55.Kxe1 Nxg2+  1/2-1/2

[Event "NED-chT"]
[Site "Amsterdam NED"]
[Date "2000.02.06"]
[Round "2"]
[White "Diepeveen,V"]
[Black "Bosboom,M"]
[Result "0-1"]
[WhiteElo "2254"]
[BlackElo "2461"]

1.e4 c5 2.Nf3 e6 3.d4 cxd4 4.Nxd4 a6 5.Nc3 b5 6.a3 Bb7 7.Be3 Qc7 8.Bd3 Nf6
9.O-O Nc6 10.Nb3 Ne5 11.f4 Nc4 12.Bxc4 bxc4 13.Nd2 d5 14.e5 d4 15.Bxd4 Rd8
16.Be3 Nd5 17.Nxd5 Bxd5 18.Qe2 g5 19.c3 gxf4 20.Bxf4 Qb6+ 21.Be3 Qc6 22.Rf4 Rg8
23.Rg4 Rg6 24.Rf1 Rb8 25.h4 Bc5 26.Rxg6 hxg6 27.b4 cxb3 28.c4 Bxg2 29.Rf2 b2
30.Rxg2 b1=Q+ 31.Nxb1 Rxb1+ 32.Kh2 Qe4 33.Bg5 Bg1+ 34.Kh3 Rb3+  0-1

[Event "NED-chT"]
[Site "Amsterdam NED"]
[Date "2000.02.06"]
[Round "2"]
[White "Nijboer,F"]
[Black "Hoeksema,E"]
[Result "1-0"]
[WhiteElo "2540"]
[BlackElo "2405"]

1.e4 c5 2.Nf3 e6 3.Nc3 a6 4.d4 cxd4 5.Nxd4 Nc6 6.Be2 Nge7 7.O-O Nxd4 8.Qxd4 Nc6
9.Qd3 Be7 10.Bf4 Qa5 11.a3 Ne5 12.Qg3 Bf6 13.Nd5 exd5 14.Bxe5 dxe4 15.Bxf6 gxf6
16.Qg7 Rf8 17.Qxf6 d5 18.Rad1 Be6 19.Bh5 Kd7 20.c4 Qd8 21.Qe5 f5 22.cxd5 Bg8
23.Rc1 Rf6 24.d6  1-0

[Event "Goodricke Open"]
[Site "Calcutta IND"]
[Date "2000.02.06"]
[Round "1"]
[White "Saravanan,V"]
[Black "Horvath,Jo"]
[Result "0-1"]
[WhiteElo "2412"]
[BlackElo "2557"]

1.e4 c5 2.Nf3 e6 3.d4 cxd4 4.Nxd4 a6 5.Nc3 b5 6.Bd3 Qb6 7.Be3 Bc5 8.Be2 Bb7
9.Qd2 Ne7 10.O-O-O O-O 11.Kb1 Nbc6 12.Nxc6 Bxc6 13.Bxc5 Qxc5 14.Qd4 Qxd4
15.Rxd4 f5 16.f3 fxe4 17.Nxe4 Nf5 18.Rd2 a5 19.Nc5 Ra7 20.Bd3 Ne3 21.Re1 Nc4
22.Rde2 Rc8 23.Be4 b4 24.Rd1 Bb5  0-1

[Event "FSGM February"]
[Site "Budapest HUN"]
[Date "2000.02.08"]
[Round "4"]
[White "Yu Shaoteng"]
[Black "Ribshtein,N"]
[Result "1-0"]
[WhiteElo "2535"]
[BlackElo "2362"]

1.e4 c5 2.Nf3 e6 3.d4 cxd4 4.Nxd4 a6 5.Nc3 b5 6.Bd3 Qb6 7.Be3 Bc5 8.Be2 Nc6
9.Nxc6 Bxe3 10.fxe3 dxc6 11.Qd4 Qxd4 12.exd4 e5 13.d5 Ne7 14.O-O-O Ra7 15.a4 b4
16.Na2 a5 17.dxc6 Nxc6 18.Bb5 Rc7 19.Rd5 Be6 20.Bxc6+ Rxc6 21.Rxa5 O-O 22.Nxb4 Rc4
23.Nd3 Rxe4 24.Rxe5 Rxa4 25.Rhe1 Rd8 26.b3 Raa8 27.Nf4 Bg4 28.Kb2 f6 29.Rd5 g5
30.Rxd8+ Rxd8 31.Nd3 Bf5 32.Kc3 Kf7 33.Nc5 h5 34.b4 h4 35.Rf1 Kg6 36.b5 Rc8
37.Kb4 Bxc2 38.b6 f5 39.Kb5 Rb8 40.Kc6 Rc8+ 41.Kd6 Rd8+ 42.Kc7 Rd5 43.Kc6 Rd4
44.b7  1-0

[Event "Goodricke Open"]
[Site "Calcutta IND"]
[Date "2000.02.08"]
[Round "3"]
[White "Dhar,S"]
[Black "Sareen,V"]
[Result "1-0"]
[WhiteElo "2185"]
[BlackElo "2351"]

1.e4 c5 2.Nf3 e6 3.d4 cxd4 4.Nxd4 a6 5.Nc3 Qc7 6.Be2 b5 7.O-O Bb7 8.Re1 Nf6
9.Bf3 d6 10.a4 bxa4 11.Nd5 Nxd5 12.exd5 e5 13.Rxa4 Be7 14.Nf5 O-O 15.Be4 g6
16.Qf3 Bf6 17.Nh6+ Kg7 18.Ng4 Be7 19.Bh6+ Kh8 20.Bxf8 Bxf8 21.Bxg6 hxg6 22.Qh3+ Kg8
23.Nf6+  1-0

[Event "Goodricke Open"]
[Site "Calcutta IND"]
[Date "2000.02.10"]
[Round "5"]
[White "Peng Xiaomin"]
[Black "Sriram,J"]
[Result "1/2-1/2"]
[WhiteElo "2624"]
[BlackElo "2356"]

1.e4 c5 2.Nf3 e6 3.Nc3 a6 4.d4 cxd4 5.Nxd4 Qc7 6.Be2 b5 7.O-O Bb7 8.Re1 Nf6
9.Bf3 Nc6 10.e5 b4 11.exf6 bxc3 12.fxg7 Bxg7 13.bxc3 O-O 14.Rb1 Rab8 15.Ba3 Rfd8
16.Nf5 Qa5 17.Bd6 Qxf5 18.Bxb8 Rxb8 19.Bxc6 dxc6 20.Qd6 Rf8 21.Rxb7 Qxc2
22.Qxc6 Qxa2 23.g3 a5 24.Ra7 Qd2 25.Re3 Qc1+ 26.Kg2 Bd4 27.Rxa5 Bxe3 28.fxe3  1/2-1/2

[Event "Goodricke Open"]
[Site "Calcutta IND"]
[Date "2000.02.10"]
[Round "5"]
[White "Prasad,D"]
[Black "Vaidya,A"]
[Result "1/2-1/2"]
[WhiteElo "2421"]
[BlackElo "2261"]

1.e4 c5 2.Nf3 e6 3.d4 cxd4 4.Nxd4 a6 5.Nc3 Qc7 6.Be2 Nf6 7.O-O Nc6 8.Be3 d6
9.f4 Be7 10.a4 O-O 11.Kh1 Nxd4 12.Qxd4 e5 13.Qd2 exf4 14.Bxf4 Be6 15.Rfd1 Rfd8
16.a5 Ne8 17.Nd5 Bxd5 18.exd5 Bf6 19.c4 g6 20.Ra3 Bg7 21.b4 Nf6 22.Re3 b6
23.axb6 Qxb6 24.Bf3 Rac8 25.c5 dxc5 26.bxc5 Qxc5 27.d6 Rd7 28.Re5 Qc3 29.Qxc3 Rxc3
30.Ra5 Rc4 31.g3 Ne4 32.Bxe4 Rxe4 33.Rxa6 f6 34.Rc1 Rd8 35.Ra7 Rd4 36.Rcc7 Bf8
37.Rxh7 g5 38.Be3 R4xd6  1/2-1/2

[Event "FSGM February"]
[Site "Budapest HUN"]
[Date "2000.02.11"]
[Round "7"]
[White "Burnett,R"]
[Black "Horvath,Cs"]
[Result "0-1"]
[WhiteElo "2437"]
[BlackElo "2519"]

1.e4 c5 2.Nf3 e6 3.d4 cxd4 4.Nxd4 a6 5.Nc3 b5 6.e5 Bb7 7.Bd3 Ne7 8.Ne4 Ng6
9.Qh5 Nc6 10.Nxc6 Bxc6 11.O-O Qc7 12.f4 Qb7 13.Re1 Be7 14.f5 exf5 15.Qxf5 O-O
16.Bg5 Bxg5 17.Nxg5 Bxg2 18.h4 Qa7+ 19.Kh2 Bd5 20.Nxh7 Qd4 21.Be4 Qd2+ 22.Kg3 Rfe8
23.Qg5 Qxg5+ 24.Nxg5 Bxe4 25.Rxe4 Nxe5 26.Rae1 f6 27.Nf3 d6 28.a4 Kf7 29.c3 Nxf3
30.Kxf3 bxa4 31.Rxe8 Rxe8 32.Ra1 Rb8 33.Rxa4 Rxb2 34.Rxa6 Ke6 35.Ra7 g6 36.Rg7 Kf5
37.Rd7  0-1

[Event "Goodricke Open"]
[Site "Calcutta IND"]
[Date "2000.02.11"]
[Round "6"]
[White "Saravanan,V"]
[Black "Iordachescu,V"]
[Result "0-1"]
[WhiteElo "2412"]
[BlackElo "2560"]

1.e4 c5 2.Nf3 e6 3.d4 cxd4 4.Nxd4 a6 5.Nc3 b5 6.Bd3 d6 7.O-O Nf6 8.Re1 Be7
9.a4 b4 10.Na2 Qb6 11.a5 Qb7 12.Bd2 e5 13.Nf5 Bxf5 14.exf5 Nc6 15.c3 bxc3
16.Bxc3 d5 17.Bxe5 Nxe5 18.Rxe5 O-O 19.Re2 Rfd8 20.b4 Ne8 21.Rc1 Bg5 22.Rcc2 h5
23.h3 h4 24.Qe1 Bf4 25.Be4 dxe4 26.g3 hxg3 27.fxg3 Be5 28.Rxe4 Bxg3 29.Qe2 Rd1+
30.Qxd1 Qxe4 31.Nc3 Qe3+ 32.Kg2 Rc8 33.f6 Rxc3 34.Rxc3 Qf2+  0-1

[Event "Blitz Chess Marathon"]
[Site "Dordrecht NED"]
[Date "2000.02.12"]
[Round "2.2"]
[White "Krabbe,T"]
[Black "Movsesian,S"]
[Result "0-1"]
[WhiteElo "2274"]
[BlackElo "2668"]

1.e4 c5 2.Nf3 e6 3.d4 cxd4 4.Nxd4 a6 5.Nc3 b5 6.Bd3 Qb6 7.Be3 Bc5 8.Be2 Bb7
9.O-O Nc6 10.Nxc6 Bxe3 11.Ne5 Bd4 12.Nd3 Bxc3 13.bxc3 Bxe4 14.c4 bxc4 15.Ne5 d5
16.Bxc4 Nf6 17.Bd3 Qc7 18.Ng4 Nxg4 19.Qxg4 Bg6 20.Rab1 O-O 21.Bxg6 hxg6 22.Rb3 Qxc2
23.Rh3 Qc4 24.f4 Rfc8 25.Qh4 f6 26.Qh7+ Kf7 27.Rg3 Qd4+ 28.Kh1 Qe4 29.f5 Qxf5
30.Rgf3 Qe5 31.Rxf6+ Qxf6 32.Rxf6+ Kxf6 33.Qh4+ g5 34.Qf2+ Kg6 35.h3 Rc4
36.Qe3 Re4 37.Qd2 Rf8 38.Qd3 Rf2 39.Qxa6 Re1+ 40.Kh2 Ree2 41.Qd3+ Kh6  0-1

[Event "FSIMA February"]
[Site "Budapest HUN"]
[Date "2000.02.13"]
[Round "9"]
[White "Resika,N"]
[Black "Szeberenyi,A"]
[Result "0-1"]
[WhiteElo "2190"]
[BlackElo "2257"]

1.e4 c5 2.Nf3 e6 3.d4 cxd4 4.Nxd4 a6 5.Nc3 Qc7 6.g3 Bb4 7.Ne2 Nc6 8.Bg2 Be7
9.O-O Nf6 10.h3 O-O 11.g4 d6 12.Ng3 b5 13.g5 Nd7 14.Re1 Bb7 15.h4 Rfd8 16.Nd5 exd5
17.exd5 Nce5 18.f4 Nb6 19.Nf5 Bf8 20.fxe5 dxe5 21.Ne3 Bc5 22.Kh1 Bxe3 23.Bxe3 Nxd5
24.Qg4 Nxe3 25.Rxe3 Rd4 26.Be4 Qxc2 27.Rae1 Rad8 28.Qg2 Rxe4 29.Rxe4 Rd2  0-1

[Event "FSGM February"]
[Site "Budapest HUN"]
[Date "2000.02.14"]
[Round "10"]
[White "Fogarasi,T"]
[Black "Szabo,Zso2"]
[Result "1-0"]
[WhiteElo "2429"]
[BlackElo "2429"]

1.e4 c5 2.Nc3 e6 3.Nf3 a6 4.d4 cxd4 5.Nxd4 b5 6.Bd3 Bb7 7.O-O d6 8.a4 b4
9.Na2 Nf6 10.Re1 a5 11.c3 bxc3 12.Nxc3 Be7 13.Bb5+ Nfd7 14.Qg4 O-O 15.Bh6 Bf6
16.Rad1 Ne5 17.Qg3 Ng6 18.Be3 Qe7 19.Re2 Na6 20.Nc6 Bxc6 21.Bxc6 Rac8 22.Bb5 Be5
23.f4 Bxc3 24.Bxa6 Ra8 25.Bb5 Bb4 26.Rf2 f5 27.exf5 exf5 28.Re2 Qb7 29.h4 Ne7
30.Bd4 Rf7 31.h5 h6 32.Kh1 Rc8 33.b3 Kh8 34.Re6 Ng8 35.Rg6 Rcc7 36.Bc4 d5
37.Bxd5  1-0

[Event "Goodricke Open"]
[Site "Calcutta IND"]
[Date "2000.02.15"]
[Round "10"]
[White "Yurtaev,L"]
[Black "Kunte,A"]
[Result "1/2-1/2"]
[WhiteElo "2536"]
[BlackElo "2487"]

1.e4 c5 2.Nf3 e6 3.d4 cxd4 4.Nxd4 a6 5.Nc3 Qc7 6.a3 Nc6 7.f4 b5 8.Nf3 Bb7
9.Bd3 b4 10.axb4 Nxb4 11.O-O Nf6 12.Kh1 Be7 13.Bd2 d5 14.exd5 exd5 15.Ne2 O-O
16.Ned4 Rfe8 17.Nf5 Ne4 18.Ne5 Nxd3 19.cxd3 Nxd2 20.Qg4 g6 21.Rfc1 Qb6 22.Nh6+ Kg7
23.Nf5+ Kg8 24.Nh6+  1/2-1/2

[Event "Petroff Mem Open"]
[Site "St Petersburg RUS"]
[Date "2000.02.15"]
[Round "8"]
[White "Najer,E"]
[Black "Shaposhnikov,E"]
[Result "0-1"]
[WhiteElo "2572"]
[BlackElo "2503"]

1.e4 c5 2.Nf3 e6 3.Nc3 a6 4.d4 cxd4 5.Nxd4 Qc7 6.Bd3 Nc6 7.Nxc6 dxc6 8.O-O e5
9.f4 Nf6 10.Kh1 Bd6 11.f5 b5 12.a4 Bb7 13.axb5 axb5 14.Rxa8+ Bxa8 15.Be3 Be7
16.Qf3 Nd7 17.Qg3 Bf6 18.Nb1 O-O 19.Nd2 Rb8 20.Qf2 Be7 21.Qe2 Nc5 22.Rf3 Nxd3
23.cxd3 c5 24.Rh3 g6 25.Qf2 Qd6 26.Kg1 c4 27.dxc4 bxc4 28.Qe1 Rxb2 29.Nxc4 Qb4
30.Qxb4 Rxb4 31.Nxe5 Bxe4 32.fxg6 Rb1+ 33.Kf2 Rb2+ 34.Kg3 hxg6 35.Bd4 Rxg2+
36.Kf4 Bf5 37.Rb3 Bd6 38.h3 Rc2  0-1

[Event "FSIMA February"]
[Site "Budapest HUN"]
[Date "2000.02.17"]
[Round "13"]
[White "Dembo,Y"]
[Black "Szeberenyi,A"]
[Result "0-1"]
[WhiteElo "2269"]
[BlackElo "2257"]

1.e4 c5 2.Nf3 e6 3.d4 cxd4 4.Nxd4 a6 5.Nc3 Qc7 6.Bd3 Nc6 7.Be3 Nf6 8.O-O Ne5
9.h3 Bc5 10.Qe2 d6 11.f4 Ng6 12.Nb3 Bxe3+ 13.Qxe3 O-O 14.Rae1 b5 15.f5 Ne5
16.Nd4 Bd7 17.g4 Qc5 18.Nf3 Qxe3+ 19.Rxe3 Nxf3+ 20.Rexf3 Bc6 21.g5 Nd7 22.Re3 Rae8
23.b4 exf5 24.Rxf5 g6 25.Rf1 Re5 26.Rg3 f6 27.gxf6 Rxf6 28.Rf5 Kf7 29.Rxe5 Nxe5
30.Be2 Rf4 31.Re3 Ke6 32.Kh2 Bb7 33.a3 Nf7 34.Bg4+ Ke5 35.Nd5 Rxe4 36.Rxe4+ Kxe4
37.Nf6+ Kd4 38.Nxh7 Kc3 39.Nf8 Ne5 40.Kg3 Kb2 41.Kf4 Kxa3 42.Kg5 Be4 43.Bc8 Kxb4
44.Bxa6 Bxc2 45.Ne6 Bf5 46.Nc7 Bd7 47.Kf6 Kc5 48.Ke7 b4 49.Bb7 b3 50.Be4 Bf5
51.Ne6+ Kc4  0-1

[Event "8th Valle d'Aosta Open"]
[Site "Saint Vincent ITA"]
[Date "2000.02.18"]
[Round "7"]
[White "Zelcic,R"]
[Black "Ortega,Le"]
[Result "0-1"]
[WhiteElo "2529"]
[BlackElo "2479"]

1.e4 c5 2.Nf3 e6 3.d4 cxd4 4.Nxd4 a6 5.Nc3 b5 6.Bd3 Qb6 7.Nb3 Qc7 8.O-O d6
9.Kh1 Nd7 10.f4 Ngf6 11.Bd2 Bb7 12.Qe2 Be7 13.Rae1 e5 14.Nd1 O-O 15.Na5 Bc8
16.b4 Nb6 17.Ne3 exf4 18.Nd5 Nbxd5 19.exd5 Re8 20.Rxf4 Bf8 21.Qf3 Rxe1+ 22.Bxe1 h6
23.h3 Bd7 24.Bc3 Be7 25.Bxf6 Bxf6 26.Rxf6 gxf6 27.Qxf6 Re8 28.Qxh6 f5 29.Qg5+ Kf8
30.Qh6+ Kg8 31.Nc6 Bxc6 32.Qg6+ Qg7 33.Qxg7+ Kxg7 34.dxc6 Kf6 35.c4 bxc4
36.Bxc4 Re1+ 37.Kh2 Rc1 38.Bxa6 Rxc6 39.Bf1 Rc1 40.Bd3 Rc3 41.Bf1 d5 42.b5 Ra3
43.Be2 Rxa2 44.Bf3 Ke5 45.h4 Rb2 46.Kg3 Rxb5 47.h5 Rb1 48.Kf2 f4 49.Ke2 Kd4
50.Kf2 Rb2+ 51.Be2 Ke4 52.h6 Rb6 53.h7 Rh6 54.Bd1 d4  0-1

[Event "Portuguese Masters"]
[Site "Viseu POR"]
[Date "2000.02.19"]
[Round "8"]
[White "Ribeiro,F"]
[Black "Galego,L"]
[Result "0-1"]
[WhiteElo "2207"]
[BlackElo "2451"]

1.e4 c5 2.Nf3 e6 3.d4 cxd4 4.Nxd4 a6 5.Nc3 Qc7 6.g3 Nf6 7.Bg2 d6 8.O-O Nc6
9.Nxc6 bxc6 10.g4 h6 11.f4 e5 12.f5 Be7 13.Be3 a5 14.Qf3 Nd7 15.Rad1 a4 16.Kh1 Qa5
17.Ne2 Ba6 18.Rg1 Nf6 19.Ng3 Qb4 20.b3 Qc3 21.g5 hxg5 22.Bxg5 Qxc2 23.bxa4 Qxa4
24.Rd2 Bc4 25.Bxf6 gxf6 26.Qc3 Bb5 27.Bf1 Bxf1 28.Rxf1 Rh4 29.Re2 Kf8 30.Rg1 d5
31.Rc2 dxe4 32.Qxc6 Qxc6 33.Rxc6 e3 34.Rg2 Bb4 35.Rxf6 Be1 36.Rc6 Bxg3 37.Rxg3 e2
38.Re3 Rxa2 39.f6 Kg8 40.Rc1 Rxh2+ 41.Kg1 Rg2+ 42.Kh1 Rg5 43.Rh3 Ra8 44.Rh2 Re8
45.Re1 Re6 46.Rhxe2 Rxf6  0-1

[Event "16th open"]
[Site "Cappelle La Grande FRA"]
[Date "2000.02.21"]
[Round "3"]
[White "Leitao,R"]
[Black "Cvitan,O"]
[Result "1/2-1/2"]
[WhiteElo "2565"]
[BlackElo "2489"]

1.e4 c5 2.Nf3 e6 3.d4 cxd4 4.Nxd4 a6 5.Nc3 d6 6.Be2 Nf6 7.O-O Be7 8.f4 O-O
9.a4 Nc6 10.Be3 Qc7 11.Kh1 Re8 12.Bf3 Bf8 13.Nb3 b6 14.a5 Nd7 15.e5 Rb8 16.exd6 Bxd6
17.f5 Nxa5 18.fxe6 fxe6 19.Nxa5 bxa5 20.Ne4 Be5 21.Bh5 Rf8 22.Bf7+ Kh8 23.Bxe6 Bxb2
24.Ng5 Bxa1 25.Rxf8+ Nxf8 26.Nf7+  1/2-1/2

[Event "ch-Serbia"]
[Site "Kragujevac YUG"]
[Date "2000.02.21"]
[Round "3"]
[White "Pavlovic,De"]
[Black "Panic,Ne"]
[Result "1/2-1/2"]
[WhiteElo "2301"]
[BlackElo "2282"]

1.e4 c5 2.Nf3 e6 3.d4 cxd4 4.Nxd4 a6 5.Nc3 Qc7 6.Be2 Nc6 7.Be3 Nf6 8.O-O Bd6
9.f4 Nxd4 10.Qxd4 e5 11.Qd2 O-O 12.Kh1 Bb4 13.Qd3 Bxc3 14.bxc3 d5 15.exd5 e4
16.Qd4 Rd8 17.c4 Bg4 18.Bxg4 Nxg4 19.Bg1 Rac8 20.c5 e3 21.h3 Nf2+ 22.Bxf2 exf2
23.Rxf2 Qxc5 24.Rd1 Rd6 25.Re2 Qxd4 26.Rxd4 Kf8 27.c4 b5 28.cxb5 axb5 29.Kg1 Rc5
30.Red2 Ke7 31.Kf2 Ra6 32.Re4+ Kd6 33.Re8 Ra7 34.Rb8 Rd7 35.Rb2 Rxd5 36.R2xb5 Rxb5
37.Rxb5 Ra7 38.Rb2 Ra3 39.Re2 h5 40.h4 Ra4 41.Kf3 Ra3+ 42.Kf2 Ra4 43.Kg3 Ra3+
44.Kh2 Ra4 45.g3 Ra3 46.Kh3 g6 47.Kh2 Ra5 48.Kg1 Ra3 49.Kg2 Ra5 50.Kf3 Ra3+
51.Kf2 Ra5 52.Ke1 Ra3 53.Kf2 Ra5 54.Kf3 Ra3+ 55.Re3 Rxa2 56.f5 Ra5 57.fxg6 Rf5+
58.Ke4 fxg6 59.Ra3 Ke6 60.Ra6+  1/2-1/2

[Event "ch-Serbia"]
[Site "Kragujevac YUG"]
[Date "2000.02.22"]
[Round "4"]
[White "Pavlovic,De"]
[Black "Mijailovic,Z"]
[Result "0-1"]
[WhiteElo "2301"]
[BlackElo "2394"]

1.e4 c5 2.Nf3 e6 3.d4 cxd4 4.Nxd4 a6 5.Nc3 Qc7 6.Be2 b5 7.O-O Bb7 8.Re1 Nc6
9.Nxc6 dxc6 10.e5 Bb4 11.Qd4 c5 12.Qg4 Ne7 13.Bf3 O-O 14.Bxb7 Qxb7 15.Bg5 Bxc3
16.bxc3 Nf5 17.Rad1 h6 18.Bc1 Rfd8 19.a4 c4 20.Ba3 Rd5 21.g3 Rad8 22.axb5 axb5
23.Qe2 Qc7 24.Rxd5 Rxd5 25.Bb4 Qd7 26.Qe4 Rd1 27.Rxd1 Qxd1+ 28.Kg2 h5 29.Qa8+ Kh7
30.Qf3 Qd5 31.Qxd5 exd5 32.Bc5 g5 33.Kf3 g4+ 34.Ke2 Ng7 35.f3 Kg6 36.fxg4 hxg4
37.Ke3 Ne6 38.Be7 Kf5 39.Bf6 Kg6 40.Be7 Kf5 41.Bf6 b4 42.cxb4 d4+ 43.Kd2 Nc7
44.Bg7 Ke4 45.Bh6 Nb5 46.Bf4 Nc3 47.Ke1 Kd5 48.Kf2 Na2 49.b5 Nb4 50.b6 Kc6
51.Ke2 Nxc2 52.Kd2 Nb4 53.e6 fxe6 54.Be5 c3+ 55.Kd1 c2+  0-1

[Event "Open"]
[Site "Cannes FRA"]
[Date "2000.02.23"]
[Round "4"]
[White "Manolov,I"]
[Black "Gachon,L"]
[Result "1-0"]
[WhiteElo "2327"]
[BlackElo "2265"]

1.e4 c5 2.Nf3 e6 3.d4 cxd4 4.Nxd4 a6 5.Nc3 b5 6.Bd3 Qb6 7.Nb3 Qc7 8.O-O Bb7
9.Qe2 d6 10.a4 b4 11.Na2 Nf6 12.Bf4 Nc6 13.c3 bxc3 14.Nxc3 Nb4 15.Rac1 Nxd3
16.Qxd3 Qd8 17.Rfd1 d5 18.exd5 Bxd5 19.Nxd5 Nxd5 20.Be5 f6 21.Bg3 Bd6 22.Qe4 Qe7
23.Bxd6 Qxd6 24.Nd4 Kf7 25.Rc6 Qd7 26.Rxe6 Rhe8 27.Rxe8 Rxe8 28.Qc2 Qg4 29.h3 Qe4
30.Qb3 Kg6 31.g3 h6 32.Nf3 Nb4 33.Re1 Qxe1+ 34.Nxe1 Rxe1+ 35.Kg2 Re4 36.a5 f5
37.Qc3 Nd5 38.Qc6+ Nf6 39.Qxa6 f4 40.Qd3  1-0

[Event "ch-Serbia"]
[Site "Kragujevac YUG"]
[Date "2000.02.23"]
[Round "5"]
[White "Markovic,Zo"]
[Black "Panic,Ne"]
[Result "1-0"]
[WhiteElo "2186"]
[BlackElo "2282"]

1.e4 c5 2.Nf3 e6 3.d4 cxd4 4.Nxd4 a6 5.Nc3 Qc7 6.Bd3 Nf6 7.O-O Nc6 8.Nxc6 dxc6
9.f4 e5 10.Kh1 Bd6 11.f5 b5 12.a4 Rb8 13.axb5 axb5 14.Qf3 Bd7 15.Qg3 Kf8
16.Bg5 Be7 17.Qe3 Ne8 18.Bxe7+ Kxe7 19.Ra6 f6 20.Rd1 b4 21.Ra7 Rb7 22.Rxb7 Qxb7
23.Qc5+ Nd6 24.Ba6 Qb8 25.Na4 Rd8 26.Nb6 Be8 27.Nc8+ Rxc8 28.Bxc8 Bh5 29.Ra1 Qb5
30.Ra7+ Ke8 31.Qxb5 cxb5 32.Bd7+ Kf8 33.Bc6 Nc4 34.Bxb5 Nxb2 35.Kg1 Nd1 36.Ra8+ Ke7
37.Rg8 Nc3 38.Rxg7+ Kf8 39.Rxh7 Nxb5 40.Rxh5 Kg7 41.Rh3 Nd4 42.Rb3 Nxc2 43.Rb2 Nd4
44.Rxb4  1-0

[Event "Open"]
[Site "Cannes FRA"]
[Date "2000.02.24"]
[Round "5"]
[White "Doghri,N"]
[Black "Djingarova,E"]
[Result "1-0"]
[WhiteElo "2327"]
[BlackElo "2168"]

1.e4 c5 2.Nf3 e6 3.d4 cxd4 4.Nxd4 a6 5.Nc3 Qc7 6.Be2 Nf6 7.O-O Be7 8.f4 d6
9.a4 O-O 10.Kh1 Nc6 11.Be3 Bd7 12.Qe1 Nxd4 13.Bxd4 e5 14.fxe5 dxe5 15.Qg3 Bd6
16.Rxf6 Kh8 17.Nd5 Qc6 18.Rxd6 Qxd6 19.Bxe5 Qh6 20.Nb6 Rad8 21.Bc7 Bc6 22.Bxd8 Rxd8
23.Bd3 Re8 24.Nc4 Re6 25.Ne5 Be8 26.Bc4 Rd6 27.Bxf7 Bxa4 28.Ng6+  1-0

[Event "It"]
[Site "Harkany HUN"]
[Date "2000.02.24"]
[Round "7"]
[White "Cooke,E"]
[Black "Molnar,Be"]
[Result "0-1"]
[WhiteElo "2266"]
[BlackElo "2318"]

1.e4 c5 2.Nf3 e6 3.Nc3 a6 4.d4 cxd4 5.Nxd4 b5 6.Bd3 Qb6 7.Nb3 Qc7 8.Be3 Bb7
9.O-O Nf6 10.a3 d6 11.f4 Nbd7 12.Qe1 Be7 13.Qg3 h5 14.h3 h4 15.Qf2 Nc5 16.Nxc5 dxc5
17.e5 Nd5 18.Nxd5 Bxd5 19.f5 c4 20.Bb6 Qc6 21.fxe6 O-O 22.Be2 fxe6 23.Qe3 Bxg2
24.Rxf8+ Rxf8 25.Kh2 Bf3 26.Bd4 Bxe2 27.Qxe2 Rf5 28.Qg2 Qd7 29.c3 Bg5 30.Qa8+ Kf7
31.Re1 Bf4+ 32.Kg1 Bg3 33.Re2 Bxe5 34.Re4 Bf6 35.Qxa6 Qd5  0-1

[Event "ch-Serbia"]
[Site "Kragujevac YUG"]
[Date "2000.02.26"]
[Round "8"]
[White "Brenjo,S"]
[Black "Mijailovic,Z"]
[Result "0-1"]
[WhiteElo "2492"]
[BlackElo "2394"]

1.e4 c5 2.Nf3 e6 3.d4 cxd4 4.Nxd4 a6 5.Nc3 Qc7 6.Be2 Nf6 7.a3 b5 8.f4 d6
9.Bf3 Bb7 10.g4 Nc6 11.Be3 Be7 12.g5 Nd7 13.Nxc6 Bxc6 14.Qe2 O-O 15.O-O Rfe8
16.Bg2 Qb7 17.b4 Nb6 18.Rad1 Nc4 19.Bc1 Rac8 20.Rd3 Bd8 21.Kh1 g6 22.Nd1 Bb6
23.Nf2 Bxf2 24.Rxf2 d5 25.e5 d4 26.Qg4 Bxg2+ 27.Qxg2 Qa7 28.Re2 Red8 29.Qe4 a5
30.bxa5 Qxa5 31.h4 Qa4 32.h5 Nb6 33.hxg6 fxg6 34.Qb7 Nd5 35.Rb3 Rc7  0-1

[Event "3rd Open"]
[Site "Malaga ESP"]
[Date "2000.02.26"]
[Round "2"]
[White "Draghici,G"]
[Black "Epishin,V"]
[Result "0-1"]
[WhiteElo "2229"]
[BlackElo "2667"]

1.e4 c5 2.Nc3 e6 3.Nf3 a6 4.d4 cxd4 5.Nxd4 Qc7 6.Bd3 Bd6 7.Nf3 Nc6 8.O-O Nge7
9.Be3 Rb8 10.a4 Ng6 11.Kh1 O-O 12.Ng5 Nf4  0-1

[Event "NED-chT"]
[Site "Hengelo NED"]
[Date "2000.02.27"]
[Round "4"]
[White "Bezemer,A"]
[Black "Donk,M"]
[Result "1/2-1/2"]
[WhiteElo "2239"]
[BlackElo "2312"]

1.e4 c5 2.Nf3 e6 3.d4 cxd4 4.Nxd4 a6 5.Nc3 Qc7 6.g3 Nf6 7.Bg2 Be7 8.O-O O-O
9.Qe2 d6 10.a4 Nc6 11.Nxc6 bxc6 12.Re1 Nd7 13.a5 Rb8 14.b3 Bf6 15.Bb2 c5
16.Nd1 Bxb2 17.Nxb2 Ne5 18.Nd3 Nc6 19.e5 d5 20.Nf4 g6 21.h4 c4 22.bxc4 Nd4
23.Qd2 Qxc4 24.Nh5 gxh5  1/2-1/2

[Event "ch-Serbia"]
[Site "Kragujevac YUG"]
[Date "2000.02.27"]
[Round "9"]
[White "Boskovic,D"]
[Black "Panic,Ne"]
[Result "1-0"]
[WhiteElo "2332"]
[BlackElo "2282"]

1.e4 c5 2.Nf3 e6 3.d4 cxd4 4.Nxd4 a6 5.Nc3 Qc7 6.Be2 Nf6 7.O-O Nc6 8.Kh1 Nxd4
9.Qxd4 Bc5 10.Qd3 b5 11.f4 h5 12.e5 Ng4 13.Qh3 Nh6 14.Qxh5 Bb7 15.Bf3 Ke7
16.Bxb7 Nf5 17.Qxf5 Rag8 18.Bf3 b4 19.Qg5+ f6 20.exf6+ gxf6 21.Nd5+ exd5
22.Re1+ Kd8 23.Qxf6+ Kc8 24.Qxa6+ Kd8 25.Qa8+ Qc8 26.Qxc8+ Kxc8 27.Be3 d4
28.Bg1  1-0

[Event "II Vince Toth Mem"]
[Site "Rio de Janeiro BRA"]
[Date "2000.02.29"]
[Round "5"]
[White "Mitkov,N"]
[Black "Dumont,S"]
[Result "1-0"]
[WhiteElo "2547"]
[BlackElo "2297"]

1.e4 c5 2.Nf3 e6 3.d4 cxd4 4.Nxd4 a6 5.Nc3 b5 6.Bd3 Qb6 7.Nb3 Qc7 8.O-O d6
9.Bd2 Nf6 10.Qe1 Bb7 11.a4 b4 12.Na2 a5 13.c3 Be7 14.cxb4 axb4 15.Nxb4 O-O
16.a5 Na6 17.Nxa6 Bxa6 18.Bxa6 Rxa6 19.Nd4 Qc4 20.Qe3 Ng4 21.Qc3 d5 22.e5 Nxe5
23.Rfc1 Bf6 24.Qxc4 Nxc4 25.Bc3 Bxd4 26.Bxd4 Rb8  1-0

[Event "Oz.com qualifier blitz"]
[Site "Internet ICC"]
[Date "2000.03.05"]
[Round "6"]
[White "Al Modiahki,M"]
[Black "Sorkin,I"]
[Result "1-0"]
[WhiteElo "2538"]
[BlackElo "2339"]

1.e4 c5 2.Nc3 e6 3.Nf3 a6 4.d4 cxd4 5.Nxd4 d6 6.g3 Nf6 7.Bg2 Be7 8.O-O O-O
9.a4 Qc7 10.a5 Nc6 11.Nb3 Nd7 12.Bf4 Nce5 13.Qe2 Nc4 14.Bc1 Bf6 15.Ra4 b5
16.axb6 Ndxb6 17.Rb4 Bxc3 18.bxc3 a5 19.Rxc4 Nxc4 20.e5 d5 21.Bf4 a4 22.Nd4 Bd7
23.Re1 Rab8 24.Qg4 Kh8 25.Qh4 a3 26.Bxd5 a2 27.Be4 f5 28.exf6 g6 29.Bxg6 Rf7
30.Nb3 e5 31.Bxf7 exf4 32.Qh6  1-0